Представление документа в формате RUSMARC

ПолеНазваниеЗначение
  Тип записи a
  Библиографический уровень a
001 Контрольный номер RU/CBS_UL/BASE/87a6c77d8663476d84aab5cdb42c008e
005 Дата корректировки 20250610104423.5
100 Данные общей обработки __
a Данные общей обработки 20250610 ||| 0rusy0189 ca
101 Язык документа 0_
a Язык текста rus
102 Страна публикации __
a Страна публикации RU
200 Заглавие и сведения об ответственности 1_
a Заглавие Откуда берутся сказки
e Сведения, относящиеся к заглавию [Сельма Лагерлёф не только автор знаменитой сказки о Нильсе и диких гусях, но и автор учебника по географии]
f Первые сведения об ответственности И. Макарова
300 Общие примечания __
a Общие примечания 6+
461 Уровень набора _0
1 2000
a Костер
463 Уровень физической единицы _0
1 2000
a № 11-12
v С. 16
1 2101
d 2024
1 001RU/CBS_UL/BASE/cecdbd62af8b4aa0837509b1560b156a
600 Персоналии _1
a Персоналии (Фамилия) Лагерлёф
b Персоналии (Имя, инициалы) С.
606 Тематические рубрики 0_
a Основная рубрика Лагерлёф, Сельма (1858-1940)
610 Ключевые слова 0_
a Ключевые слова зарубежное литературоведение
610 Ключевые слова 0_
a Ключевые слова литературоведение
610 Ключевые слова 0_
a Ключевые слова авторы учебников
610 Ключевые слова 0_
a Ключевые слова сказочники
610 Ключевые слова 0_
a Ключевые слова шведские писательницы
686 Индексы других классификаций __
a Классификационный индекс 83.3(4Шве)
700 Автор _1
a Фамилия Макарова
b Имя (инициалы) И.
801 Источник записи _0
a Страна RU
b Организация МБУК ЦБС г. Ульяновска
c Дата составления 20250610
g Правила каталогизации RCR
801 Источник записи _1
a Страна RU
b Организация МБУК ЦБС г. Ульяновска
c Дата составления 20250610
g Правила каталогизации RCR
901 Тип документа __
t Тип документа b
w Контрольный № источника RU/CBS_UL/BASE/cecdbd62af8b4aa0837509b1560b156a
909 Создатель записи __
a Создатель записи mbo